42_長崎県の市町村(ひらがな対応・五十音順) - Statistics

General Stats
  • This quiz has been taken 36 times
  • The average score is 19 of 21
Answer Stats
種類 市町村名 % Correct
諫早市
100%
大村市
100%
長崎市
100%
五島市
95%
佐世保市
95%
島原市
95%
新上五島町
95%
南島原市
95%
壱岐市
91%
雲仙市
91%
西海市
91%
佐々町
91%
対馬市
91%
平戸市
91%
松浦市
91%
小値賀町
86%
長与町
86%
時津町
82%
波佐見町
82%
東彼杵町
82%
川棚町
77%
No matching quizzes found
Score Distribution
Percent of People with Each Score
Percentile by Number Answered
Your Score History
You have not taken this quiz